The industrial property system of Zambia (Record no. 76501)

MARC details
000 -LEADER
fixed length control field 00963nam a2200193 a 4500
008 - FIXED-LENGTH DATA ELEMENTS--GENERAL INFORMATION
fixed length control field 090302s2001 ||||||||||||||||| || u
050 ## - LIBRARY OF CONGRESS CALL NUMBER
Classification number PAPERS/EXT/MULENGA/2001
100 ## - MAIN ENTRY--PERSONAL NAME
Personal name Mulenga, W. A
245 14 - TITLE STATEMENT
Title The industrial property system of Zambia
Statement of responsibility, etc. A paper presention by W. A. Mulenga, Zambia Patent Office
260 ## - PUBLICATION, DISTRIBUTION, ETC.
Place of publication, distribution, etc. Lusaka:
Name of publisher, distributor, etc. EPO
Date of publication, distribution, etc. 2001
300 ## - PHYSICAL DESCRIPTION
Extent 40 pages
350 ## -
-- 0.00
650 ## - SUBJECT ADDED ENTRY--TOPICAL TERM
Topical term or geographic name entry element PATENT LAWS AND LEGISTLATION--ZAMBIA
710 ## - ADDED ENTRY--CORPORATE NAME
Corporate name or jurisdiction name as entry element European Patent Office (EPO)
710 ## - ADDED ENTRY--CORPORATE NAME
Corporate name or jurisdiction name as entry element Africa Regional Industrial Property Organisation (ARIPO)
710 ## - ADDED ENTRY--CORPORATE NAME
Corporate name or jurisdiction name as entry element Government of the Republic of Zambia. Zambia Patent Office
995 ## -
-- SPECIAL COLLECTIONS
-- 0.00
-- 03003753
-- CBU-MAIN LIBRARY (Kitwe)
-- 1
-- 0.00
-- PAPERS/EXT/MULENGA/2001
-- 1
-- AVAILABLE
-- Mar 2, 2009
-- 03003753
-- University Collection
995 ## -
-- SPECIAL COLLECTIONS
-- 0.00
-- 03004723
-- CBU-MAIN LIBRARY (Kitwe)
-- 1
-- 0.00
-- GOV.ZAM.C6(01)ARIPO/3
-- 3
-- AVAILABLE
-- Oct 22, 2009
-- Z03004723
-- Zambiana Collection
999 ## -
-- 76501
-- 76501
Holdings
Withdrawn status Lost status Source of classification or shelving scheme Damaged status Not for loan Permanent Location Current Location Shelving location Date acquired Total Checkouts Full call number Barcode Date last seen Copy number Price effective from Koha item type
          CBU-MAIN LIBRARY, KITWE. CBU-MAIN LIBRARY, KITWE.   04/25/2023   PAPERS/EXT/MULENGA/2001 03003753 04/25/2023 1 04/25/2023 SPECIAL COLLECTION
          CBU-MAIN LIBRARY, KITWE. CBU-MAIN LIBRARY, KITWE.   04/25/2023   GOV.ZAM.C6(01)ARIPO/3 Z03004723 04/25/2023 2 04/25/2023 SPECIAL COLLECTION